[Event "MPL National Senior Chess-ch 2022"]
[Site "Kanpur"]
[Date "2022.03.02"]
[Round "10.12"]
[White "Harsha Bharathakoti"]
[Black "Harshavardhan G B"]
[Result "1-0"]
[WhiteElo "2499"]
[BlackElo "2402"]
[Annotator "RC"]
[PlyCount "202"]
[EventDate "2022.02.25"]
[EventCountry "IND"]
[SourceTitle "playchess.com"]
[Source "ChessBase"]
[SourceQuality "1"]
[TimeControl "5400+30"]

1. e4 {[%emt 0:00:06]} e5 {[%emt 0:01:04]} 2. Nf3 {[%emt 0:00:06]} Nc6 {[%emt 0:00:09]} 3. Nc3 {[%emt 0:00:35]} Nf6 {[%emt 0:01:01]} 4. Bb5 {[%emt 0:00:06]} Bd6 {[%emt 0:02:31]} 5. d3 {[%emt 0:00:12]} h6 {[%emt 0:00:23]} 6. a3 {[%emt 0:00:06]} a6 {[%emt 0:00:33]} 7. Ba4 {[%emt 0:00:36]} Bc5 {[%emt 0:01:36]} 8. Bxc6 {[%emt 0:26:27]} dxc6 {[%emt 0:00:36]} 9. h3 {[%emt 0:00:04]} Qe7 {[%emt 0:04:29]} 10. Qe2 {[%emt 0:02:37]} Bd6 {[%emt 0:11:07]} 11. Be3 {[%emt 0:05:02]} c5 {[%emt 0:01:27]} 12. Nd2 {[%emt 0:12:28]} Be6 {[%emt 0:01:25]} 13. a4 {[%emt 0:10:44]} a5 {[%emt 0:05:59]} 14. Nc4 {[%emt 0:01:53]} b6 {[%emt 0:00:23]} 15. Nxd6+ {[%emt 0:02:41]} cxd6 {[%emt 0:24:07]} 16. f4 {[%emt 0:01:56]} exf4 {[%emt 0:03:55]} 17. Bxf4 {[%emt 0:00:16]} Nd7 {[%emt 0:00:06]} 18. Nb5 {[%emt 0:05:28]} Ne5 {[%emt 0:00:49]} 19. Qh5 {[%emt 0:02:57]} g5 {[%emt 0:01:12]} 20. Bxe5 {[%emt 0:00:14]} dxe5 {[%emt 0:00:07]} 21. b3 {[%emt 0:00:13]} O-O-O {[%emt 0:02:55]} 22. O-O-O {[%emt 0:05:09]} g4 {[%emt 0:10:16]} 23. Qxe5 {[%emt 0:02:24]} gxh3 {[%emt 0:01:00]} 24. gxh3 {[%emt 0:02:50]} Qg5+ {[%emt 0:00:21]} 25. Qxg5 {[%emt 0:00:05]} hxg5 {[%emt 0:00:04]} 26. Rdg1 {[%emt 0:04:02]} Rh5 {[%emt 0:01:35]} 27. Rh2 {[%emt 0:03:02]} Rdh8 {[%emt 0:01:20]} 28. Rhg2 {[%emt 0:00:08]} f6 {[%emt 0:00:24]} 29. e5 {[%emt 0:02:49]} Bxh3 {[%emt 0:11:29]} 30. Rg3 {[%emt 0:00:03]} fxe5 {[%emt 0:00:11]} 31. Rxg5 {[%emt 0:00:04]} Rxg5 {[%emt 0:00:54]} 32. Rxg5 {[%emt 0:00:05]} Bd7 {[%emt 0:00:13]} 33. Na3 {[%emt 0:04:26]} Rh7 {[%emt 0:01:12]} 34. Rxe5 {[%emt 0:00:09]} Kc7 {[%emt 0:00:04]} 35. Nc4 {[%emt 0:00:18]} Rh1+ {[%emt 0:02:21]} 36. Kb2 {[%emt 0:00:06]} Rh7 {[%emt 0:00:04]} 37. Kc3 {[%emt 0:00:33]} Rg7 {[%emt 0:00:43]} 38. Rh5 {[%emt 0:01:45]} Bc6 {[%emt 0:00:35]} 39. Ne5 {[%emt 0:00:54]} Bb7 {[%emt 0:00:26]} 40. Kc4 {[%emt 0:01:05]} Ba6+ {[%emt 0:04:12]} 41. Kc3 {[%emt 0:01:24]} Re7 {[%emt 0:00:37]} 42. Rf5 {[%emt 0:00:29]} Bc8 {[%emt 0:00:50]} 43. Rg5 {[%emt 0:00:39]} Bb7 {[%emt 0:00:06]} 44. Nc4 {[%emt 0:01:28]} Bc6 {[%emt 0:00:12]} 45. Rg6 {[%emt 0:00:03]} Rh7 {[%emt 0:00:21]} 46. Ne5 {[%emt 0:00:40]} Bd5 {[%emt 0:00:24]} 47. Rf6 {[%emt 0:01:28]} Rg7 {[%emt 0:01:01]} 48. Ng6 {[%emt 0:00:07]} Rd7 {[%emt 0:03:11]} 49. Nf4 {[%emt 0:00:49]} Kb7 {[%emt 0:00:28]} 50. Nxd5 {[%emt 0:03:05]} Rxd5 {[%emt 0:00:10]} 51. Rf4 {[%emt 0:00:02]} Rd6 {[%emt 0:00:31]} 52. Kc4 {[%emt 0:00:04]} Kc6 {[%emt 0:00:03]} 53. c3 {[%emt 0:00:11]} Rh6 {[%emt 0:00:03]} 54. Re4 {[%emt 0:00:26]} Rg6 {[%emt 0:00:49]} 55. d4 {[%emt 0:00:05]} cxd4 {[%emt 0:00:04]} 56. cxd4 {[%emt 0:02:46]} Rg3 {[%emt 0:00:45]} 57. Re6+ {[%emt 0:00:00]} Kc7 {[%emt 0:00:11]} 58. Re7+ {[%emt 0:00:23]} Kc6 {[%emt 0:00:11]} 59. Re6+ {[%emt 0:00:34]} Kc7 {[%emt 0:00:05]} 60. Rf6 {[%emt 0:00:15]} Rg5 {[%emt 0:00:17]} 61. Rh6 {[%emt 0:00:35]} Rf5 {[%emt 0:00:21]} 62. d5 {[%emt 0:00:31]} Rf3 {[%emt 0:00:15]} 63. Rh7+ {[%emt 0:00:16]} Kd6 {[%emt 0:07:47]} 64. Rh6+ {[%emt 0:00:07]} Kc7 {[%emt 0:00:00]} 65. Rc6+ {[%emt 0:00:55]} Kb7 {[%emt 0:00:00]} 66. Re6 {[%emt 0:00:42]} Kc7 {[%emt 0:00:00]} 67. Re4 {[%emt 0:00:38]} Kd6 {[%emt 0:00:00]} 68. Re6+ {[%emt 0:00:26]} Kc7 {[%emt 0:00:00]} 69. Rc6+ {[%emt 0:00:04]} Kb7 {[%emt 0:00:00]} 70. Kd4 {[%emt 0:00:19]} Rxb3 {[%emt 0:00:00]} 71. Rc3 {[%emt 0:00:39]} Rb4+ {[%emt 0:00:00]} 72. Rc4 {[%emt 0:00:04]} Rb1 {[%emt 0:00:00]} 73. d6 {[%emt 0:02:02]} Rh1 {[%emt 0:00:00]} 74. Rc7+ {[%emt 0:00:00]} Kb8 {[%emt 0:00:00]} 75. Rg7 {[%emt 0:00:00]} Kc8 {[%emt 0:00:00]} 76. Kd5 {[%emt 0:00:00]} Rh4 {[%emt 0:00:00]} 77. Rc7+ {[%emt 0:00:02]} Kd8 {[%emt 0:00:00]} 78. Rc4 {[%emt 0:00:39]} Rh1 {[%emt 0:00:00]} 79. Kc6 {[%emt 0:00:05]} Rb1 {[%emt 0:00:00]} 80. Rg4 {[%emt 0:00:56]} Rc1+ {[%emt 0:00:00]} 81. Kxb6 {[%emt 0:00:04]} Rd1 {[%emt 0:00:11]} 82. Kc5 {[%emt 0:00:04]} Rc1+ {[%emt 0:01:15]} 83. Rc4 {[%emt 0:00:15]} Rb1 {[%emt 0:00:39]} 84. Kc6 {[%emt 0:00:12]} Ra1 {[%emt 0:04:00]} 85. Rd4 {[%emt 0:00:06]} Rc1+ {[%emt 0:04:02]} 86. Kb6 {[%emt 0:00:09]} Kd7 {[%emt 0:00:04]} 87. Kxa5 {[%emt 0:00:09]} Rb1 {[%emt 0:00:19]} 88. Ka6 {[%emt 0:00:25]} Rb8 {[%emt 0:00:48]} 89. Ka7 {[%emt 0:00:46]} Rb1 {[%emt 0:00:15]} 90. Rd5 {[%emt 0:00:32]} Rb4 {[%emt 0:00:16]} 91. a5 {[%emt 0:00:09]} Rb1 {[%emt 0:00:20]} 92. Ka6 {[%emt 0:00:13]} Rb2 {[%emt 0:00:29]} 93. Rb5 {[%emt 0:00:29]} Ra2 {[%emt 0:00:11]} 94. Kb7 {[%emt 0:00:06]} Rh2 {[%emt 0:01:30]} 95. a6 {[%emt 0:00:07]} Kxd6 {[%emt 0:00:07]} 96. a7 {[%emt 0:00:04]} Rh7+ {[%emt 0:00:09]} 97. Ka6 {[%emt 0:00:04]} Rh8 {[%emt 0:00:05]} 98. Rb8 {[%emt 0:00:05]} Rh1 {[%emt 0:00:05]} 99. a8=Q {[%emt 0:00:08]} Ra1+ {[%emt 0:00:04]} 100. Kb7 {[%emt 0:00:07]} Rxa8 {[%emt 0:00:05]} 101. Rxa8 {[%emt 0:00:04]} Kd5 {[%emt 0:04:06]} 1-0

[Event "MPL National Senior Chess-ch 2022"]
[Site "Kanpur"]
[Date "2022.03.02"]
[Round "10.13"]
[White "Aditya Mittal"]
[Black "Aaryan Varshney"]
[Result "1-0"]
[WhiteElo "2487"]
[BlackElo "2277"]
[Annotator "TA"]
[PlyCount "89"]
[EventDate "2022.02.25"]
[EventCountry "IND"]
[SourceTitle "playchess.com"]
[Source "ChessBase"]
[SourceQuality "1"]

{[%evp 23,89,42,35,43,55,57,99,70,93,72,84,75,112,57,52,44,220,225,271,269,261,268,272,257,268,277,258,261,242,156,208,205,175,119,181,174,180,183,188,187,395,422,424,402,414,414,435,420,401,416,389,388,407,318,872,822,29991,29992,29992,29993,29993,29994,29994,29995,29995,29994,29994,29995]} 1. d4 Nf6 2. c4 e6 3. Nc3 d5 4. cxd5 exd5 5. Bg5 Be7 6. e3 c6 7. Bd3 Nbd7 8. Nf3 O-O 9. O-O Re8 10. Qc2 Nf8 11. h3 Ng6 {Recently 11...Nh5 got a lot of attention.} 12. Ne5 Nd7 13. Bxe7 {D36: Queen's Gambit Declined: Exchange Variation: Main line (5 Bg5 c6 6 Qc2).} Qxe7 14. f4 {[%cal Bf2f4,Bf4f5][%mdl 32]} (14. Bxg6 hxg6 15. Nf3 Nb6 $11) 14... f6 (14... Ndxe5 $14 {is more appropriate.} 15. dxe5 Bd7) 15. Ng4 {White is much more active. White is better.} ({Reject} 15. Bxg6 $6 hxg6 16. Nxg6 Qxe3+ 17. Kh2 Nf8 $11) (15. Nxg6 {keeps more tension.} hxg6 16. Bxg6 Qxe3+ 17. Kh2 Re7 18. Rae1) 15... Nb6 16. f5 {[#]} Nf8 $146 ({Predecessor:} 16... Nh8 17. e4 h5 18. Nh2 Nf7 19. Rae1 Bd7 20. Nf3 dxe4 21. Nxe4 Nd5 22. Qf2 Qd8 {1-0 (46) Struzka,V (2248)-Latta,H (2117) ICCF email 2014}) 17. Rae1 {aiming for e4.} Qd6 18. a4 (18. Qf2 $1 $16) 18... Qb4 $14 19. a5 Qxa5 (19... Nc4 $1 $14) 20. Qb3 $1 $18 Nbd7 {[#]} 21. Nxd5 {[%mdl 512]} cxd5 (21... Qxd5 $2 22. Bc4 Qxc4 23. Qxc4+ $18) 22. Ra1 $1 Qc7 {Strongly threatening ...Qd6.} 23. Qxd5+ Kh8 24. Qf7 $1 ({Not} 24. Bc4 Ne6 25. fxe6 Nf8 $14) 24... Qd8 {Threatens to win with ...Nb6.} 25. Bc4 {[%csl Gc4][%cal Rf7g8]} Ne6 26. Bxe6 Re7 (26... Nb6 $16) 27. Qh5 Nb6 {[#]} 28. Bf7 (28. d5 $1 $18) 28... Qf8 (28... Bd7 $16) 29. Bb3 {Black must now prevent Rf4.} Bd7 {[#]} 30. Rf4 $1 {[%cal Og4e5] And now Ne5! would win.} Be8 31. Qh4 $40 {[%mdl 128] White has strong attack.} Bf7 $2 {[#]} (31... Rc7 {might work better.} 32. Ne5 h6) 32. Nxf6 $1 {[%csl Gf6][%cal Rh4h7][%mdl 512]} h6 33. Bxf7 Rxf7 34. Ng4 {[%cal Bf6g4,Bg4h6,Bh6f7][%mdl 32]} Rxf5 35. Raf1 Rxf4 36. Rxf4 ({Weaker is} 36. exf4 Qd8 37. Qf2 Nd5 $16) 36... Qd8 37. Qh5 {[%cal Og4h6] White wants to mate with Nxh6!} Qe8 38. Qf5 {[%cal Og4h6] Nxh6! is the strong threat.} Nc4 $2 {[#]} (38... Rc8 39. Ne5 Kg8) 39. Nxh6 $1 {[%mdl 512]} Nxe3 (39... gxh6 40. Qf6+) 40. Nf7+ {White mates.} Kg8 41. Qh5 {[%csl Gf7][%cal Rh5h8]} Kf8 42. Nd6+ Ke7 43. Nxe8 Rxe8 44. Re4+ Kd6 45. Qxe8 {Weighted Error Value: White=0.10 (very precise) /Black=0.43} 1-0

[Event "MPL National Senior Chess-ch 2022"]
[Site "Kanpur"]
[Date "2022.03.02"]
[Round "10.14"]
[White "Shyaamnikhil P"]
[Black "Ravi, Teja S."]
[Result "1/2-1/2"]
[WhiteElo "2442"]
[BlackElo "2469"]
[Annotator "TA"]
[PlyCount "50"]
[EventDate "2022.02.25"]
[EventCountry "IND"]
[SourceTitle "playchess.com"]
[Source "ChessBase"]
[SourceQuality "1"]

{[%evp 19,50,14,15,5,1,0,0,0,0,0,0,-29,-35,-20,-27,-31,-20,-27,-33,-54,-32,-34,-30,-46,-53,-76,0,-33,0,-83,0,-52,0]} 1. e4 c6 2. c4 d5 3. cxd5 cxd5 4. exd5 Nf6 5. Nc3 Nxd5 6. Nf3 Nc6 7. Bb5 e6 8. O-O Be7 9. Re1 O-O 10. d4 Bd7 11. Nxd5 {B10: Caro-Kann: 2 d3 and 2 c4.} exd5 12. Qb3 Be6 13. Bxc6 {The position is equal.} bxc6 14. Ne5 Rc8 15. Qg3 {[#]} Re8 $146 ({Predecessor:} 15... c5 16. Be3 c4 17. Bh6 Bf6 18. h4 Qb6 19. Rad1 Qxb2 20. h5 Kh8 21. Bc1 Qc2 {0-1 (30) Milov,V (2622)-Loetscher,R (2416) Bern 2014}) 16. Bh6 {[%csl Gh6][%cal Rg3g7] [#]} Bf8 17. b3 c5 18. dxc5 Rxc5 19. Nd3 Rc8 20. Bg5 Qa5 21. h4 Bf5 {[%cal Of7f6]} 22. Red1 Be6 (22... Re4 $17 23. Rac1 Rxc1 24. Rxc1 Qa3) 23. Re1 $15 Bf5 (23... d4 $15) 24. Red1 $1 $17 Be6 (24... d4 $17 25. Bf4 Qa6) 25. Re1 ({White should play} 25. Bf6 $11) 25... Bf5 {Weighted Error Value: White=0.11 (very precise) /Black=0.16 (very precise)} (25... d4 $1 $15) 1/2-1/2

[Event "MPL National Senior Chess-ch 2022"]
[Site "Kanpur"]
[Date "2022.03.03"]
[Round "11.1"]
[White "Sethuraman, S.P."]
[Black "Erigaisi Arjun"]
[Result "1/2-1/2"]
[WhiteElo "2619"]
[BlackElo "2633"]
[Annotator "TA"]
[PlyCount "84"]
[EventDate "2022.02.25"]
[EventCountry "IND"]
[SourceTitle "playchess.com"]
[Source "ChessBase"]
[SourceQuality "1"]

{[%evp 11,84,7,10,0,0,0,0,-43,0,4,16,15,14,17,17,13,14,17,17,24,14,10,16,22,64,77,79,16,17,8,8,10,26,25,22,24,29,28,20,25,18,24,21,20,22,27,19,19,29,27,29,29,29,24,24,10,10,10,29,29,29,16,29,7,8,8,36,33,36,36,36,36,36,36,36]} 1. c4 {CB} c5 2. Nf3 Nc6 3. Nc3 Nf6 4. d4 cxd4 5. Nxd4 e6 6. a3 Be7 {6...Bc5 is more fashionable.} 7. g3 {A33: Symmetrical English: 2 Nf3 Nf6 3 d4 cxd4 4 Nxd4 e6 5 Nc3 Nc6.} Qb6 8. Nf3 O-O {[%cal Od7d5]} 9. Be3 (9. Bg2 $11 {feels stronger.}) 9... Qd8 (9... Qxb2 $2 10. Na4 Bb4+ 11. axb4 Qxb4+ 12. Bd2 $18) (9... Qa6 $1 $15) 10. Bg2 $11 d5 11. cxd5 Nxd5 12. Nxd5 exd5 13. O-O Bf6 14. Nd4 {[#]} Bg4 $146 ({Predecessor:} 14... Re8 15. Rc1 Nxd4 16. Bxd4 Bxd4 17. Qxd4 Rxe2 18. Rfd1 Bf5 19. Bxd5 Qd7 20. Qf4 Bc2 21. Rd4 Qe7 22. Rc4 Rd8 23. Rc7 Qf6 24. R1xc2 {1-0 (22) Kovalevskaya,E (2417)-Munguntuul,B (2447) Jermuk 2012 CBM 150 [CB]}) 15. Nxc6 bxc6 16. h3 Bh5 17. Rc1 {[%cal Ba1c1,Bc1c6,Bc6c5,Bc5h5][%mdl 32]} Bxb2 (17... Rc8 $11) 18. Rxc6 $14 d4 {[#]} 19. Bc1 {White is more active.} ({Better is} 19. Rc2 $1 $16 dxe3 (19... Rc8 20. Rxb2) 20. Qxd8 Raxd8 21. Rxb2) 19... Rb8 $11 20. Rc5 Bxc1 21. Rxh5 Bg5 22. h4 Bf6 23. Qd3 {[%csl Gh5][%cal Rd3h7]} g6 24. Rc5 Rc8 25. Rfc1 Rxc5 26. Rxc5 Qe7 27. Qc4 Rd8 {[%cal Od4d3]} 28. Bd5 Kg7 29. a4 {[%cal Ba3a4,Ba4a5,Ba5a6][%mdl 32]} Rd7 30. Kg2 h5 31. a5 Qd6 32. Bf3 Qe7 33. a6 d3 34. exd3 Bd4 35. Rc6 Qe1 36. Qc2 (36. Qa2 {is more complex.} Qe5 37. Be4 Rd6 38. Rxd6 Qxd6 39. Bb7) 36... Qe5 37. Qe2 Qxe2 38. Bxe2 Re7 39. Bf3 {White is slightly better.} Re6 40. Rxe6 fxe6 41. Be4 Kf6 42. Kf3 Bb6 {Weighted Error Value: White=0.07 (flawless) /Black=0.06 (flawless)} 1/2-1/2

[Event "MPL National Senior Chess-ch 2022"]
[Site "Kanpur"]
[Date "2022.03.03"]
[Round "11.2"]
[White "Gukesh D"]
[Black "Aryan Chopra"]
[Result "1/2-1/2"]
[WhiteElo "2614"]
[BlackElo "2585"]
[Annotator "TA"]
[PlyCount "60"]
[EventDate "2022.02.25"]
[EventCountry "IND"]
[SourceTitle "playchess.com"]
[Source "ChessBase"]
[SourceQuality "1"]

{[%evp 25,60,0,0,0,0,0,0,-9,0,-52,-7,0,0,-20,0,0,25,0,20,16,0,0,0,0,0,0,0,0,0,0,0,0,0,0,0,-15,0]} 1. d4 Nf6 2. c4 e6 3. Nf3 b6 4. a3 Bb7 5. Nc3 d5 6. cxd5 Nxd5 7. Qc2 Nxc3 8. bxc3 Be7 9. e4 O-O 10. Bd3 c5 11. O-O Qc7 12. Qe2 Rd8 13. Bb2 Nd7 14. Rfe1 {E12: Queen's Indian: Unusual White 4th moves, 4 a3, 4 Nc3 Bb7 5 a3 and 4 Nc3 Bb7 .} Rac8 15. Rad1 Nf6 16. Bb1 {[#]} b5 $146 ({Predecessor:} 16... g6 17. d5 e5 18. c4 Bd6 19. Nh4 Nh5 20. g3 Rf8 21. f4 Ng7 22. Rf1 f6 23. fxe5 fxe5 24. Rxf8+ Rxf8 {0-1 (69) Ngo,B (2195)-Navumenka,M (2188) Tornelo INT 2021}) 17. Qc2 (17. Bd3 $11) 17... g6 (17... cxd4 $15 18. e5 {[#]} g6 $1 19. exf6 Bxf6) 18. Qe2 $11 a5 19. h3 c4 20. Bc1 b4 21. axb4 axb4 {The position is equal.} 22. cxb4 Bxb4 23. Bg5 Bxe1 24. Qxe1 Ne8 {[%cal Bf6e8,Be8d6,Bd6c4][%mdl 32]} 25. Bxd8 Qxd8 26. Bc2 Nd6 27. Rb1 {[%cal Od4d5]} Rc7 28. Qe3 c3 29. Ra1 Nc4 30. Qd3 Nd6 {An even fight not without its subleties.  Weighted Error Value: White=0.08 (flawless) /Black=0.07 (flawless)} 1/2-1/2

[Event "MPL National Senior Chess-ch 2022"]
[Site "Kanpur"]
[Date "2022.03.03"]
[Round "11.3"]
[White "Pranav Vijay"]
[Black "Visakh N R"]
[Result "1/2-1/2"]
[WhiteElo "2265"]
[BlackElo "2522"]
[Annotator "TA"]
[PlyCount "71"]
[EventDate "2022.02.25"]
[EventCountry "IND"]
[SourceTitle "playchess.com"]
[Source "ChessBase"]
[SourceQuality "1"]

{[%evp 9,71,9,14,-24,-5,-17,-6,-10,0,-39,0,-1,0,-48,-24,-42,-31,-48,-38,-42,-16,-63,-65,-68,-72,-78,-70,-59,-25,-19,-29,-29,-20,-37,-45,-43,-51,-73,-58,-78,-20,-54,-31,-37,-16,-58,0,0,0,0,0,0,0,0,17,21,44,0,0,0,0,0,11,0]} 1. e4 c6 2. d4 d5 3. e5 Bf5 4. c4 e6 5. Nc3 Bb4 6. a3 {B12: Caro-Kann: Advance Variation.} Bxc3+ 7. bxc3 Ne7 {[%cal Oc6c5]} 8. c5 {[#]} Nd7 $146 ({Predecessor:} 8... b6 9. cxb6 Qxb6 10. Ne2 h6 11. Ng3 Bh7 12. Bd3 Bxd3 13. Qxd3 O-O 14. O-O Qa6 {1-0 (29) Smith,A (2144)-Larkin,B (1753) Newcastle on Tyne 2021}) 9. Ne2 O-O 10. Ng3 Bg6 11. Bd3 (11. a4 $11) 11... Qa5 12. Ne2 b6 13. cxb6 Nxb6 14. O-O Qa4 15. Bg5 (15. Nf4 $11 {feels stronger.}) 15... Qxd1 $1 $15 16. Raxd1 Bxd3 17. Rxd3 Ng6 18. Bc1 f6 19. exf6 Rxf6 20. h4 e5 21. dxe5 Nxe5 22. Rg3 Re8 {[%cal Oe5f3]} 23. Bg5 Rf7 24. Nd4 Nbc4 (24... c5 $17 25. Nb3 Na4) 25. Bc1 c5 26. Nb3 Rc8 27. h5 (27. Rd1 $11) 27... Rb7 (27... Nd6 $15) 28. Nd2 $11 Nxd2 29. Bxd2 Nc4 {[%csl LRa3,LRd2]} 30. Bc1 d4 31. h6 Nd6 32. cxd4 cxd4 33. Rg5 (33. hxg7 $14 Rxg7 34. Rb3) 33... Ne4 {[%cal Oc8c1] [#] And now ...Rxc1! would win. The position is equal.} 34. Rg4 Nc3 {Threatens to win with ...Ne2+.} 35. Bd2 Re8 36. Bxc3 {Weighted Error Value: White=0.12 (very precise) /Black=0.11 (very precise)} 1/2-1/2

[Event "MPL National Senior Chess-ch 2022"]
[Site "Kanpur"]
[Date "2022.03.03"]
[Round "11.4"]
[White "Iniyan, P."]
[Black "Mitrabha, Guha"]
[Result "1-0"]
[WhiteElo "2516"]
[BlackElo "2510"]
[Annotator "TA"]
[PlyCount "77"]
[EventDate "2022.02.25"]
[EventCountry "IND"]
[SourceTitle "playchess.com"]
[Source "ChessBase"]
[SourceQuality "1"]

{[%evp 9,77,4,0,0,18,0,8,0,38,39,44,37,43,34,68,56,82,84,81,82,95,66,152,139,152,168,222,157,158,146,140,138,103,66,53,47,56,51,57,47,79,73,99,97,99,106,101,103,71,60,214,197,285,263,262,131,266,151,248,248,589,420,730,730,730,712,722,719,625,600]} 1. e4 e5 2. Nf3 Nf6 3. d4 Nxe4 4. Bd3 d5 5. dxe5 Nc5 6. Be2 {C43: Petroff Defence: 3 d4.} Be7 7. O-O O-O 8. Be3 {The position is equal.} Ne6 9. c4 $1 dxc4 10. Qc2 {[#]} Nd7 $146 ({Predecessor:} 10... c6 11. Bxc4 Nd7 12. Bd3 h6 13. Nc3 Qa5 14. Rae1 Nxe5 15. Nxe5 Qxe5 16. Bxh6 Qh5 {1-0 (28) Safarli,E (2608)-Georgakopoulos,N (2343) Patras 2019}) 11. Bxc4 Nb6 12. Rd1 Qe8 13. Bd3 h6 14. a4 {[%cal Ba2a4,Ba4a5][%mdl 32]} c6 15. Nc3 Bd7 (15... Nc7 $14) 16. Qd2 $16 Rd8 17. a5 Nc8 (17... Nd5 {is a better defense.} 18. Nxd5 (18. Bxa7 Nef4 $16) 18... cxd5) 18. Bb1 Ng5 19. Bxg5 (19. Nxg5 Bf5 20. Qe2 (20. Bxf5 Rxd2 21. Rxd2 hxg5 $14) 20... Rxd1+ 21. Qxd1 Bxb1 $16) 19... hxg5 20. Qe3 (20. Nxg5 $6 Bf5 21. Qf4 Rxd1+ 22. Nxd1 Bxb1 23. Rxb1 Bxg5 24. Qxg5 f6 $11) 20... g4 {Prevents h3.} 21. Ng5 Bxg5 22. Qxg5 {Black must now prevent Ne4.} Qe7 $1 23. Qf4 $40 {[%mdl 128] White has some attack.} (23. Qh5 g6 24. Qh6 Qxe5 $15) 23... Be6 24. Re1 c5 25. Ra4 Qh4 26. Ne4 b6 27. axb6 axb6 28. h3 Ne7 29. hxg4 Bd7 $2 (29... Ng6 $14 30. Qg5 Qxg4) 30. g3 $1 $18 Qh3 (30... Ng6 {was called for.} 31. gxh4 (31. Nf6+ Qxf6 32. exf6 Nxf4 $11) 31... Nxf4 32. Nf6+ gxf6 33. Rxf4 Rfe8) 31. Ng5 {Active counter play!} Qh6 {[#]} 32. Ra7 (32. Bh7+ $1 $18 Kh8 33. Ra7 (33. Nxf7+ Rxf7 34. Qxf7 Bxa4 $11)) 32... Bc6 {[#] Black cannot hold the game after this.} (32... Ng6 $16 33. Nxf7 (33. Bxg6 Qxg6 34. Raa1 Bc8 $14) 33... Qxf4 34. gxf4 Rxf7) 33. f3 (33. Bh7+ $1 $18 Kh8 34. f3 (34. Be4 Bxe4 35. Nxe4 Nc6 $16)) 33... Rd4 (33... Ng6 $16 34. Bxg6 fxg6) 34. Bh7+ Kh8 $2 (34... Qxh7 35. Nxh7 Rxf4) 35. Qxf7 (35. Nxf7+ $2 Rxf7 36. Qxh6 (36. Qxf7 $2 {too greedy.} Qh3 $19) 36... gxh6 $19) 35... Rxf7 (35... g6 $142 36. Qxe7 Rd2 37. Qxf8+ (37. Nf7+ $2 Rxf7 38. Qh4 Qxh4 $19) 37... Qxf8) 36. Nxf7+ {White is clearly winning.} Kxh7 37. Nxh6 Kxh6 38. Rxe7 {And now Re6+ would win.} Bxf3 39. e6 {Weighted Error Value: White=0.19 (very precise) /Black=0.44} 1-0

[Event "MPL National Senior Chess-ch 2022"]
[Site "Kanpur"]
[Date "2022.03.03"]
[Round "11.5"]
[White "Sengupta, Deep"]
[Black "Aravindh, Chithambaram VR."]
[Result "1/2-1/2"]
[WhiteElo "2528"]
[BlackElo "2611"]
[Annotator "TA"]
[PlyCount "61"]
[EventDate "2022.02.25"]
[EventCountry "IND"]
[SourceTitle "playchess.com"]
[Source "ChessBase"]
[SourceQuality "1"]

{[%evp 9,61,1,12,0,4,0,0,0,0,-2,0,-6,5,0,25,15,8,0,0,0,0,0,0,0,7,9,9,12,22,3,2,0,0,0,0,0,5,0,0,0,0,0,3,2,2,2,2,2,2,0,0,0,0,0]} 1. e4 c5 2. Nf3 e6 {[%cal Be7e6,Be6e5][%mdl 32]} 3. g3 Nc6 4. Bg2 Nf6 5. Qe2 e5 6. O-O {B40: Sicilian: 2...e6, Unusual lines.} Be7 7. c3 O-O 8. Na3 $1 {The main line 8.Na3 scores better than 8.Rd1.} Re8 {[%cal Bf8e8,Be8e5,Be5a5][%mdl 32]} 9. Nc4 {[#]} Nxe4 $146 ({Predecessor:} 9... Bf8 10. d3 d5 11. exd5 Nxd5 12. Bg5 f6 13. Bd2 Be6 14. a4 Bf7 15. Rfd1 Qd7 {1-0 (44) Xiong,J (2709)-Praggnanandhaa,R (2608) Chess.com INT 2020}) 10. Ncxe5 (10. Qxe4 d5) 10... Nxe5 11. Qxe4 Bf6 12. Nxe5 Rxe5 {The position is equal.} 13. Qa4 d6 14. d4 Bd7 15. Qa3 cxd4 16. cxd4 Ra5 17. Qxd6 Bb5 18. Qxd8+ Rxd8 19. Rd1 {With the idea Bd2.} Rxd4 20. Rxd4 Bxd4 21. Bxb7 Bc4 22. a4 Bb5 23. Bf4 Rxa4 24. Rd1 Bb6 25. Be3 g6 26. Bxb6 axb6 27. Rd6 Rb4 28. Rxb6 {[#] Bc6 is the strong threat.} Rxb2 {Strongly threatening ...Rb1+.} 29. Be4 {[%cal Oe4d3] To avoid Rb1+. Hoping for Bd3!} Re2 30. Rxb5 {Black must now prevent Bd5.} Re1+ 31. Kg2 {A balanced but interesting game.  Weighted Error Value: White=0.02 (flawless) /Black=0.02 (flawless)} 1/2-1/2